书目信息 |
| 题名: |
粒计算基础教程
|
|
| 作者: | 陈德刚 , 徐伟华 , 李金海 , 胡清华 编著 | |
| 分册: | ||
| 出版信息: | 北京 科学出版社 2019.12 |
|
| 页数: | 126页 | |
| 开本: | 24cm | |
| 丛书名: | ||
| 单 册: | ||
| 中图分类: | TP18 | |
| 科图分类: | ||
| 主题词: | 人工智能--ren gong zhi neng--计算方法 | |
| 电子资源: | ||
| ISBN: | 978-7-03-063661-4 | |
| 000 | 01126nam0 2200289 450 | |
| 001 | 95928 | |
| 005 | 20250911103940.03 | |
| 010 | @a978-7-03-063661-4@dCNY68.00 | |
| 100 | @a20200227d2019 em y0chiy50 ea | |
| 101 | 0 | @achi |
| 102 | @aCN@b110000 | |
| 105 | @aa a 000yy | |
| 106 | @ar | |
| 200 | 1 | @a粒计算基础教程@Ali ji suan ji chu jiao cheng@f陈德刚等编著 |
| 210 | @a北京@c科学出版社@d2019.12 | |
| 215 | @a126页@c图@d24cm | |
| 304 | @a题名页题其余责任者: 徐伟华, 李金海, 胡清华 | |
| 320 | @a有书目 (第125-126页) | |
| 330 | @a本书盖了模糊集、粗糙集以及形势概念分析三个领域的基本思想和概念, 主要内容包括模糊集的定义及运算、模糊集的结构、模糊相似关系的构造及应用、粗糙集的定义及其构造、属性约简的基本理论与方法、模糊粗糙集的定义及其数学结构、概念格的定义及其基本性质、基于概念格的属性约简和规则提取等。 | |
| 606 | 0 | @a人工智能@Aren gong zhi neng@x计算方法 |
| 690 | @aTP18@v5 | |
| 701 | 0 | @a陈德刚@Achen de gang@4编著 |
| 701 | 0 | @a徐伟华@Axu wei hua@4编著 |
| 701 | 0 | @a李金海@Ali jin hai@4编著 |
| 701 | 0 | @a胡清华@Ahu qing hua@4编著 |
| 801 | 0 | @aCN@c20250909 |
| 905 | @a河南城建学院图书馆@dTP18@eC392@f1 | |
| 粒计算基础教程/陈德刚等编著.-北京:科学出版社,2019.12 |
| 126页:图;24cm |
| ISBN 978-7-03-063661-4:CNY68.00 |
| 本书盖了模糊集、粗糙集以及形势概念分析三个领域的基本思想和概念, 主要内容包括模糊集的定义及运算、模糊集的结构、模糊相似关系的构造及应用、粗糙集的定义及其构造、属性约简的基本理论与方法、模糊粗糙集的定义及其数学结构、概念格的定义及其基本性质、基于概念格的属性约简和规则提取等。 |
| ● |
| 相关链接 |
|
|
|
正题名:粒计算基础教程
索取号:TP18/C392
 
预约/预借
| 序号 | 登录号 | 条形码 | 馆藏地/架位号 | 状态 | 备注 |
| 1 | 1630063 | 216300633 | 自科库301/301自科库 101排7列4层/ [索取号:TP18/C392] | 在馆 |